书目信息 |
| 题名: |
美国大学室内装饰设计教程
|
|
| 作者: | 尼尔森 , 泰勒 著 ;徐军华 , 熊佑忠 译 | |
| 分册: | ||
| 出版信息: | 上海 上海人民美术出版社 2008.01 |
|
| 页数: | 16, 475页 | |
| 开本: | 26cm | |
| 丛书名: | ||
| 单 册: | ||
| 中图分类: | TU238 | |
| 科图分类: | ||
| 主题词: | 室内装饰--shi nei zhuang shi--建筑设计--高等学校--教材 | |
| 电子资源: | ||
| ISBN: | 978-7-5322-5442-2 | |
| 000 | 01332nam0 2200325 450 | |
| 001 | 012008721298 | |
| 005 | 20080901194344.07 | |
| 010 | @a978-7-5322-5442-2@dCNY138.00 | |
| 100 | @a20080901d2008 em y0chiy0120 ea | |
| 101 | 1 | @achi@ceng |
| 102 | @aCN@b310000 | |
| 105 | @aa z 000yy | |
| 106 | @ar | |
| 200 | 1 | @a美国大学室内装饰设计教程@Amei guo da xue shi nei zhuang shi she ji jiao cheng@f(美) 卡拉·珍·尼尔森, 戴维·安·泰勒著@F(mei)ka la·zhen·ni er sen,dai wei·an·tai le zhu@g徐军华, 熊佑忠译@Gxu jun hua,xiong you zhong yi |
| 210 | @a上海@c上海人民美术出版社@d2008.01 | |
| 215 | @a16, 475页@c图@d26cm | |
| 300 | @a美国艺术与设计品牌教材 | |
| 305 | @a据美国麦格劳-希尔教育出版集团英文第四版译出 | |
| 306 | @a美国麦格劳-希尔教育出版公司授权出版 | |
| 312 | @a英文并列题名取自版权页 | |
| 330 | @a本书内容涉及住宅和非住宅建筑的室内设计方面的各类要素及其应用。内容包括:设计程序和设计专业;设计中要考虑的特殊问题等。 | |
| 500 | 10 | @aInteriors@mChinese |
| 606 | 0 | @a室内装饰@Ashi nei zhuang shi@x建筑设计@x高等学校@j教材 |
| 690 | @aTU238@v4 | |
| 701 | 1 | @a尼尔森@Ani er sen@g(Nielson, Karla J.)@4著 |
| 701 | 1 | @a泰勒@Atai le@g(Taylor, David A.)@4著 |
| 702 | 0 | @a徐军华@Axu jun hua@4译 |
| 702 | 0 | @a熊佑忠@Axiong you zhong@4译 |
| 801 | 0 | @aCN@bQSSK@c20080901 |
| 905 | @b733879-80@dTU238@eN436@f2 | |
| 美国大学室内装饰设计教程/(美) 卡拉·珍·尼尔森, 戴维·安·泰勒著/徐军华, 熊佑忠译.-上海:上海人民美术出版社,2008.01 |
| 16, 475页:图;26cm |
| 美国艺术与设计品牌教材 |
| ISBN 978-7-5322-5442-2:CNY138.00 |
| 本书内容涉及住宅和非住宅建筑的室内设计方面的各类要素及其应用。内容包括:设计程序和设计专业;设计中要考虑的特殊问题等。 |
| ● |
| 相关链接 |
|
|
|
正题名:美国大学室内装饰设计教程
索取号:TU238/N436
 
预约/预借
| 序号 | 登录号 | 条形码 | 馆藏地/架位号 | 状态 | 备注 |
| 1 | 733879 | 207338790 | 建筑库101/101建筑库 49排6列3层/ [索取号:TU238/N436] | 在馆 | |
| 2 | 733880 | 207338807 | 建筑库101/101建筑库 49排6列3层/ [索取号:TU238/N436] | 在馆 |